Общественный прогресс и современные проблемы защиты мира

Dades bibliogràfiques
Altres autors: Полурез В. И. (редактор)
Idioma:rus
Publicat: Киев, Вища школа, 1987
Matèries:
Format: MixedMaterials Llibre
KOHA link:https://koha.lib.tpu.ru/cgi-bin/koha/opac-detail.pl?biblionumber=272731

MARC

LEADER 00000nam0a2200000 4500
001 272731
005 20231101234549.0
035 |a (RuTPU)RU\TPU\book\295940 
090 |a 272731 
100 |a 20141021d1987 k y0rusy50 ca 
101 0 |a rus 
102 |a UA 
105 |a a z 001zy 
200 1 |a Общественный прогресс и современные проблемы защиты мира  |f под ред. В. И. Полуреза 
210 |a Киев  |c Вища школа  |d 1987 
215 |a 239 с.  |c ил. 
320 |a Библиогр.: с. 225-233 
320 |a Предметный указатель: с. 234-237 
606 1 |a Мирное сосуществование  |2 stltpush  |3 (RuTPU)RU\TPU\subj\44084  |9 63458 
610 1 |a общественный прогресс 
610 1 |a мирные соглашения 
610 1 |a защита 
610 1 |a борьба за мир 
610 1 |a движущие силы 
610 1 |a буржуазные теории 
610 1 |a критика 
686 |a Ф4(0)30  |v LBC/SL-A  |2 rubbk 
702 1 |a Полурез  |b В. И.  |4 340 
801 1 |a RU  |b 63413507  |c 20141021 
801 2 |a RU  |b 63413507  |c 20161229  |g RCR 
942 |c BK